000 00373nam a22001457a 4500
005 20260213153929.0
008 260213b |||||||| |||| 00| 0 eng d
020 _a978-93-91-505-15-8
100 _aS. K. Yadav
245 _aBasic Electrical Engineering with Lab Manual
260 _aNew Delhi
_bKhanna Book Pub
_c2024
300 _a375
650 _aEE
942 _2ddc
_cBK
999 _c21980
_d21980